Lana Del Rey Songs in Spanish - Statistics

General Stats
  • This quiz has been taken 63 times
    62 since last reset
  • The average score is 13 of 20
Answer Stats
Español English % Correct
Videojuegos Video Games
95%
La otra mujer The Other Woman
91%
Chica triste Sad Girl
84%
Costa oeste West Coast
81%
Dinero antiguo Old Money
79%
La felicidad es una mariposa Happiness is a butterfly
77%
Vestido blanco White Dress
77%
Dioses y monstruos Gods & Monsters
74%
Joven y hermosa Young and Beautiful
72%
Nacimos para morir Born to Die
70%
Esto es lo que nos hace chicas This Is What Makes Us Girls
70%
Cuerpo eléctrico Body Electric
67%
Deja entrar la luz Let The Light In
56%
El mañana nunca llegó Tomorrow Never Came
56%
Collar de dulces Candy Necklace
51%
El canto de cisne Swan Song
51%
Cereza Cherry
42%
Si te acuestas conmigo If You Lie Down With Me
42%
Afortunados Lucky Ones
40%
Salvaje de corazón Wild at Heart
33%
No matching quizzes found
Score Distribution
Percent of People with Each Score
Percentile by Number Answered
Your Score History
You have not taken this quiz since the last reset